Haben Sie ein gutes Gedächtnis? - Statistiken

Allgemein
  • Dieses Quiz wurde 508 mal gespielt
  • Das Durchschnittsergebnis liegt bei 34 aus 78
Antwortstatistiken
Hint Extra Hint Antwort % Korrekt
1 Klicken Sie auf 1 1
99%
14 Klicken Sie erneut auf 1 1
98%
Denken Sie daran! Klicken Sie jetzt auf 4 4
96%
148 Ich denke du hast es von hier :) 1
67%
1482 1
60%
Denken Sie daran! 4
59%
14823 1
58%
Denken Sie daran! 4
55%
Denken Sie daran! 8
54%
Denken Sie daran! 8
54%
148232 1
53%
Denken Sie daran! 4
53%
Denken Sie daran! 2
52%
Denken Sie daran! 4
52%
Denken Sie daran! 8
52%
1482327 1
51%
Denken Sie daran! 2
51%
14823279 1
50%
Denken Sie daran! 3
50%
Denken Sie daran! 3
49%
Denken Sie daran! 4
49%
Denken Sie daran! 2
48%
Denken Sie daran! 4
48%
Denken Sie daran! 8
48%
Denken Sie daran! 8
48%
Denken Sie daran! 2
47%
Denken Sie daran! 2
47%
Denken Sie daran! 2
47%
Denken Sie daran! 3
47%
Denken Sie daran! 8
47%
Denken Sie daran! 2
46%
148232794 1
45%
Denken Sie daran! 2
45%
Denken Sie daran! 3
45%
Denken Sie daran! 7
45%
Denken Sie daran! 4
43%
Denken Sie daran! 7
43%
Denken Sie daran! 8
40%
1482327945 1
39%
Denken Sie daran! 2
39%
Denken Sie daran! 3
39%
Denken Sie daran! 2
38%
Denken Sie daran! 7
38%
Denken Sie daran! 9
38%
14823279459 1
37%
Denken Sie daran! 4
37%
Denken Sie daran! 9
37%
Denken Sie daran! 2
36%
Denken Sie daran! 2
36%
Denken Sie daran! 3
36%
Denken Sie daran! 4
36%
Denken Sie daran! 4
36%
Denken Sie daran! 7
36%
Denken Sie daran! 8
36%
Denken Sie daran! 2
35%
Denken Sie daran! 2
35%
Denken Sie daran! 3
35%
Denken Sie daran! 8
35%
Denken Sie daran! 9
35%
148232794596 1
33%
Denken Sie daran! 7
33%
Denken Sie daran! 9
33%
Denken Sie daran! 4
32%
Denken Sie daran! 4
31%
Denken Sie daran! 4
31%
Denken Sie daran! 8
31%
Denken Sie daran! 3
30%
Denken Sie daran! 5
30%
Denken Sie daran! 2
29%
Denken Sie daran! 2
29%
Denken Sie daran! 5
29%
Denken Sie daran! 7
29%
Denken Sie daran! 4
28%
Denken Sie daran! 9
27%
Denken Sie daran! 5
26%
Denken Sie daran! 9
22%
Denken Sie daran! 9
22%
Denken Sie daran! 6
19%
Keine übereinstimmenden Quizze gefunden
Verteilung der Resultate
Anzahl Personen mit jedem Resultat
Perzentil nach korrekt beantworteten Fragen
Ihre Resultats-Entwicklung
Sie haben dieses Quiz noch nicht gespielt